[Event "chess.com SpeedChess 2023"]
[Site "chess.com INT"]
[Date "2023.09.13"]
[Round "2.5"]
[White "Firouzja, Alireza"]
[Black "So, Wesley"]
[Result "0-1"]
[WhiteTitle "GM"]
[BlackTitle "GM"]
[WhiteElo "2777"]
[BlackElo "2753"]
[WhiteFideId "12573981"]
[BlackFideId "5202213"]
[EventDate "2023.09.04"]
[EventType "k.o."]

1. e4 e5 2. Nf3 Nc6 3. Bc4 Bc5 4. c3 Nf6 5. d3 d6 6. Bg5 h6 7. Bh4 a6 8. a4 Ba7
9. O-O g5 10. Bg3 Ne7 11. d4 Nxe4 12. dxe5 d5 13. Bd3 Nf5 14. Nd4 Nxd4 15. cxd4
h5 16. e6 Bxe6 17. Bxe4 dxe4 18. Nc3 Qxd4 19. Bxc7 Rc8 20. Bd6 f5 21. Ba3 Qxd1
22. Raxd1 Kf7 0-1

[Event "chess.com SpeedChess 2023"]
[Site "chess.com INT"]
[Date "2023.09.13"]
[Round "2.6"]
[White "So, Wesley"]
[Black "Firouzja, Alireza"]
[Result "0-1"]
[WhiteTitle "GM"]
[BlackTitle "GM"]
[WhiteElo "2753"]
[BlackElo "2777"]
[WhiteFideId "5202213"]
[BlackFideId "12573981"]
[EventDate "2023.09.04"]
[EventType "k.o."]

1. d4 Nf6 2. c4 g6 3. Nc3 Bg7 4. e4 d6 5. Nf3 O-O 6. Be2 e5 7. O-O Na6 8. Be3
Qe7 9. d5 Ng4 10. Bg5 f6 11. Bh4 g5 12. Bg3 f5 13. Nd2 Nf6 14. exf5 Bxf5 15. Re1
h5 16. f3 Qf7 17. a3 h4 18. Bf2 h3 19. g3 g4 20. Be3 Qg6 21. Rf1 Rf7 22. Nde4
Bxe4 23. fxe4 Raf8 24. b4 Nb8 25. Rxf6 Rxf6 26. Bxg4 Rf1+ 0-1

[Event "chess.com SpeedChess 2023"]
[Site "chess.com INT"]
[Date "2023.09.13"]
[Round "2.7"]
[White "Firouzja, Alireza"]
[Black "So, Wesley"]
[Result "0-1"]
[WhiteTitle "GM"]
[BlackTitle "GM"]
[WhiteElo "2777"]
[BlackElo "2753"]
[WhiteFideId "12573981"]
[BlackFideId "5202213"]
[EventDate "2023.09.04"]
[EventType "k.o."]

1. e4 e5 2. Nf3 Nc6 3. Bc4 Bc5 4. d3 d6 5. c3 Bb6 6. a4 a5 7. Bg5 Nge7 8. Qb3
O-O 9. O-O h6 10. Be3 Bxe3 11. fxe3 b6 12. Nh4 Qe8 13. Na3 Nd8 14. Nb5 Qd7 15.
Rf2 c6 16. Na3 d5 17. exd5 cxd5 18. Bb5 Qc7 19. Raf1 Be6 20. d4 e4 21. c4 Rc8
22. cxd5 Bxd5 23. Qd1 Nb7 24. Nb1 Nd6 25. Nc3 Nxb5 26. axb5 Bc4 27. Re1 f5 28.
Qh5 Qd7 29. Ng6 Nxg6 30. Qxg6 Rf6 31. Qg3 Kh7 32. h3 Bxb5 33. Qe5 Bc4 34. d5 Bd3
35. g4 Re8 36. Qg3 b5 37. Ne2 Bxe2 38. Rexe2 Qxd5 39. Rd2 Qe5 40. Qxe5 Rxe5 41.
Rd7 Rg6 42. Rf4 fxg4 43. hxg4 Reg5 44. Rxe4 Rxg4+ 45. Rxg4 Rxg4+ 0-1

[Event "chess.com SpeedChess 2023"]
[Site "chess.com INT"]
[Date "2023.09.13"]
[Round "2.8"]
[White "So, Wesley"]
[Black "Firouzja, Alireza"]
[Result "1/2-1/2"]
[WhiteTitle "GM"]
[BlackTitle "GM"]
[WhiteElo "2753"]
[BlackElo "2777"]
[WhiteFideId "5202213"]
[BlackFideId "12573981"]
[EventDate "2023.09.04"]
[EventType "k.o."]

1. d4 Nf6 2. c4 g6 3. Nc3 Bg7 4. e4 d6 5. f3 O-O 6. Nge2 c5 7. Be3 Nc6 8. d5 Ne5
9. Ng3 h5 10. Be2 h4 11. Nf1 e6 12. Nd2 exd5 13. cxd5 a6 14. a4 Bd7 15. O-O b5
16. axb5 axb5 17. Rxa8 Qxa8 18. Bxb5 Bxb5 19. Nxb5 Qa6 20. Na3 Rb8 21. Qc2 Rb4
22. Rb1 h3 23. Qd1 hxg2 24. Kxg2 Qd3 25. Nc2 Rb8 26. b3 Nh5 27. Nc4 Qxd1 28.
Rxd1 Rxb3 29. Nxd6 Rb2 30. Rd2 Bf8 31. f4 Nxf4+ 32. Bxf4 Bxd6 33. Na3 Rxd2+ 34.
Bxd2 f5 35. exf5 gxf5 36. Bc3 Nf7 37. Nc4 Kh7 38. h3 Kg6 39. Bd2 Kf6 40. Kf3
Ne5+ 41. Nxe5 Kxe5 42. h4 Kxd5 43. h5 Be5 44. h6 c4 45. h7 c3 46. Bf4 Bg7 47.
Ke2 Ke4 48. Bh6 Bh8 49. Bg5 f4 50. Bh4 Bd4 51. Bf2 f3+ 52. Kd1 Be5 53. Kc2 Bf6
54. Be1 Ke3 55. Bxc3 Bxc3 56. Kxc3 f2 57. h8=Q f1=Q 58. Qe5+ Kf2 59. Qf6+ Kg1
60. Qxf1+ Kxf1 1/2-1/2

[Event "chess.com SpeedChess 2023"]
[Site "chess.com INT"]
[Date "2023.09.13"]
[Round "2.9"]
[White "Firouzja, Alireza"]
[Black "So, Wesley"]
[Result "0-1"]
[WhiteTitle "GM"]
[BlackTitle "GM"]
[WhiteElo "2777"]
[BlackElo "2753"]
[WhiteFideId "12573981"]
[BlackFideId "5202213"]
[EventDate "2023.09.04"]
[EventType "k.o."]

1. d4 Nf6 2. c4 g6 3. Nc3 d5 4. Nf3 Bg7 5. Qb3 dxc4 6. Qxc4 O-O 7. e4 a6 8. e5
Nfd7 9. Ng5 Nb6 10. Qc5 h6 11. Nge4 N8d7 12. Qa3 f5 13. Nd2 Nb8 14. Nf3 Nc6 15.
Ne2 g5 16. Qb3+ Qd5 17. Qd1 Rd8 18. Nc3 Qf7 19. Ne2 Be6 20. Bxg5 hxg5 21. Nxg5
Qg6 22. h4 Bxe5 23. d5 0-1

[Event "chess.com SpeedChess 2023"]
[Site "chess.com INT"]
[Date "2023.09.13"]
[Round "2.10"]
[White "So, Wesley"]
[Black "Firouzja, Alireza"]
[Result "0-1"]
[WhiteTitle "GM"]
[BlackTitle "GM"]
[WhiteElo "2753"]
[BlackElo "2777"]
[WhiteFideId "5202213"]
[BlackFideId "12573981"]
[EventDate "2023.09.04"]
[EventType "k.o."]

1. Nf3 Nf6 2. c4 g6 3. Nc3 Bg7 4. e4 d6 5. d4 O-O 6. Be2 e5 7. Be3 Na6 8. d5 Ng4
9. Bg5 f6 10. Bh4 Nh6 11. Nd2 g5 12. Bg3 f5 13. exf5 Nxf5 14. Nde4 b6 15. O-O
Nc5 16. Bg4 a5 17. h3 h6 18. Qd2 Bd7 19. b3 Be8 20. f3 Nd4 21. h4 gxh4 22. Bf2
Bg6 23. Be3 Kh7 24. Kh2 Qe7 25. Rae1 Nf5 26. Bf2 h5 27. Ng5+ Kg8 28. Bxf5 Bxf5
29. Bxh4 Nd3 30. Re3 Nf4 31. g3 Ng6 32. f4 Nxh4 33. gxh4 Qd7 34. Rg3 Bg4 35. Ne6
exf4 36. Rxf4 Rxf4 37. Qxf4 Be5 38. Qg5+ Kh8 39. Ne4 Qh7 40. Nf6 Qc2+ 41. Kh1
Qd1+ 42. Kg2 Qe2+ 43. Kh1 Qe1+ 44. Kg2 Qxg3+ 45. Kf1 Qf3+ 46. Ke1 Qe2# 0-1

[Event "chess.com SpeedChess 2023"]
[Site "chess.com INT"]
[Date "2023.09.13"]
[Round "2.11"]
[White "Firouzja, Alireza"]
[Black "So, Wesley"]
[Result "1-0"]
[WhiteTitle "GM"]
[BlackTitle "GM"]
[WhiteElo "2777"]
[BlackElo "2753"]
[WhiteFideId "12573981"]
[BlackFideId "5202213"]
[EventDate "2023.09.04"]
[EventType "k.o."]

1. e4 e5 2. Nf3 Nf6 3. d4 Nxe4 4. dxe5 Bc5 5. Bc4 Nxf2 6. Bxf7+ Kxf7 7. Qd5+ Kg6
8. Qxc5 Nxh1 9. Nc3 h6 10. Qc4 d6 11. Nd5 Nc6 12. e6 Kh7 13. Qe4+ Kg8 14. e7 Qe8
15. Nxc7 Qxe7 16. Qxe7 Nxe7 17. Nxa8 Kf7 18. Be3 Bd7 19. Nc7 Rc8 20. O-O-O Rxc7
21. Bxa7 b5 22. Bb6 Rc6 23. Bd4 Bf5 24. c3 b4 25. Rxh1 Nd5 26. Kd2 bxc3+ 27.
Bxc3 Nxc3 28. bxc3 Ra6 29. Ra1 Be4 30. a4 Ra5 31. Nd4 Bxg2 32. c4 Rh5 33. a5
Rxh2 34. a6 h5 35. a7 h4 36. Kc3 Ba8 37. Nb5 Rh3+ 38. Kd4 g5 39. Nc7 Bc6 40. Ra6
Bb7 41. Rb6 Bh1 42. Rb1 Bc6 43. Rb6 Bh1 44. Ra6 Bb7 45. Rxd6 Ra3 46. Rd7+ Kg6
47. Nb5 Ra1 48. Rxb7 h3 49. Rb6+ Kg7 50. Rb7+ Kg6 51. Rb8 g4 52. Rg8+ Kh7 53.
Rxg4 1-0

[Event "chess.com SpeedChess 2023"]
[Site "chess.com INT"]
[Date "2023.09.13"]
[Round "2.12"]
[White "So, Wesley"]
[Black "Firouzja, Alireza"]
[Result "0-1"]
[WhiteTitle "GM"]
[BlackTitle "GM"]
[WhiteElo "2753"]
[BlackElo "2777"]
[WhiteFideId "5202213"]
[BlackFideId "12573981"]
[EventDate "2023.09.04"]
[EventType "k.o."]

1. d4 Nf6 2. c4 g6 3. Nc3 Bg7 4. e4 d6 5. Nf3 O-O 6. Be2 e5 7. Be3 Nbd7 8. O-O
c6 9. d5 c5 10. Ne1 Kh8 11. g4 Ng8 12. Qd2 f5 13. gxf5 gxf5 14. exf5 Ndf6 15.
Kh1 Bxf5 16. Rg1 Qd7 17. f3 Ne7 18. Nd3 e4 19. Nf4 exf3 20. Bxf3 Ng6 21. Nxg6+
Bxg6 22. Bh6 Rae8 23. Rg3 Bxh6 24. Qxh6 Qg7 25. Qh4 Ng8 26. Rag1 Qh6 27. Qxh6
Nxh6 28. Rh3 Kg7 29. Be4 Rf4 30. Bxg6 hxg6 31. Rhg3 Rf6 32. Nb5 Nf5 33. Rb3 Re7
34. Nxa7 Nd4 35. Rb6 Re2 36. Rxb7+ Kh6 37. Rb8 Nf3 38. Rh8+ Kg7 0-1

[Event "chess.com SpeedChess 2023"]
[Site "chess.com INT"]
[Date "2023.09.13"]
[Round "2.13"]
[White "Firouzja, Alireza"]
[Black "So, Wesley"]
[Result "1/2-1/2"]
[WhiteTitle "GM"]
[BlackTitle "GM"]
[WhiteElo "2777"]
[BlackElo "2753"]
[WhiteFideId "12573981"]
[BlackFideId "5202213"]
[EventDate "2023.09.04"]
[EventType "k.o."]

1. e4 c6 2. d4 d5 3. e5 c5 4. Nf3 Nc6 5. dxc5 Bg4 6. c3 e6 7. Be3 Nge7 8. Nbd2
a6 9. Bd3 Nxe5 10. Qa4+ Qd7 11. Qxd7+ Nxd7 12. b4 Nc6 13. h3 Bxf3 14. Nxf3 g6
15. a3 Bg7 16. Kd2 Nde5 17. Nxe5 Bxe5 18. Kc2 d4 19. cxd4 Nxd4+ 20. Bxd4 Bxd4
21. Rad1 O-O-O 22. f3 Kc7 23. Bc4 h5 24. Rd3 h4 25. Rhd1 Bf6 26. Rxd8 Rxd8 27.
Rxd8 Bxd8 28. Kb3 1/2-1/2

[Event "chess.com SpeedChess 2023"]
[Site "chess.com INT"]
[Date "2023.09.13"]
[Round "2.14"]
[White "So, Wesley"]
[Black "Firouzja, Alireza"]
[Result "1/2-1/2"]
[WhiteTitle "GM"]
[BlackTitle "GM"]
[WhiteElo "2753"]
[BlackElo "2777"]
[WhiteFideId "5202213"]
[BlackFideId "12573981"]
[EventDate "2023.09.04"]
[EventType "k.o."]

1. e4 c5 2. Nf3 d6 3. Bb5+ Nd7 4. a4 Nf6 5. Nc3 a6 6. Be2 b6 7. d4 cxd4 8. Qxd4
Bb7 9. O-O e6 10. Rd1 Qc7 11. Be3 Ng4 12. Bg5 h6 13. Bh4 Ngf6 14. Nd2 e5 15. Qc4
Qd8 16. Bxf6 Nxf6 17. Qb3 Be7 18. Nc4 Nxe4 19. Nxe4 Bxe4 20. Nxe5 O-O 21. Bd3
Bb7 22. Bc4 d5 23. Bxd5 Bxd5 24. Rxd5 Qc7 25. Re1 Bf6 26. Nd7 Rfe8 27. Nxf6+
gxf6 28. Rdd1 Rad8 29. c3 Rxe1+ 30. Rxe1 Rd2 31. Qb4 Qe5 32. Rf1 b5 33. axb5
axb5 34. g3 Kg7 35. Qg4+ Qg5 36. Qxg5+ fxg5 37. b4 Rc2 38. Rd1 Rxc3 39. Rd5 Rb3
40. Rxb5 g4 41. Kg2 Rb2 42. Rb8 h5 43. b5 Kh7 44. b6 Rb1 45. h3 Kg7 46. b7 Kh7
47. h4 Kg7 48. Kh2 Kh7 49. Kg2 Kg7 50. Kh2 Kh7 51. Kg2 1/2-1/2

[Event "chess.com SpeedChess 2023"]
[Site "chess.com INT"]
[Date "2023.09.13"]
[Round "2.15"]
[White "Firouzja, Alireza"]
[Black "So, Wesley"]
[Result "1-0"]
[WhiteTitle "GM"]
[BlackTitle "GM"]
[WhiteElo "2777"]
[BlackElo "2753"]
[WhiteFideId "12573981"]
[BlackFideId "5202213"]
[EventDate "2023.09.04"]
[EventType "k.o."]

1. e4 c5 2. Nf3 Nc6 3. Bb5 g6 4. O-O Bg7 5. Re1 Nf6 6. c3 O-O 7. h3 a6 8. Bf1 e5
9. d4 cxd4 10. cxd4 exd4 11. e5 Nd5 12. Bg5 Qc7 13. Qb3 h6 14. Bxh6 Bxh6 15.
Qxd5 Re8 16. Na3 b5 17. Bd3 Bb7 18. Qc5 Rac8 19. Be4 Qd8 20. Qd6 Re6 21. Qd5 Bg7
22. Qb3 Bxe5 23. Bd5 Na5 24. Qd3 Bxd5 25. Nxe5 Qg5 26. Ng4 Rxe1+ 27. Rxe1 Rc1
28. Rxc1 Qxc1+ 29. Kh2 Qf4+ 30. Kg1 Qc1+ 31. Kh2 Qf4+ 32. Kg1 Nc6 33. Nc2 Kg7
34. Ne1 Qc1 35. Qe2 d3 36. Qxd3 Qxe1+ 37. Kh2 Qe4 38. Qc3+ Qd4 39. Qc1 Qe4 40.
Qh6+ Kg8 41. Nf6# 1-0

[Event "chess.com SpeedChess 2023"]
[Site "chess.com INT"]
[Date "2023.09.13"]
[Round "2.16"]
[White "So, Wesley"]
[Black "Firouzja, Alireza"]
[Result "1/2-1/2"]
[WhiteTitle "GM"]
[BlackTitle "GM"]
[WhiteElo "2753"]
[BlackElo "2777"]
[WhiteFideId "5202213"]
[BlackFideId "12573981"]
[EventDate "2023.09.04"]
[EventType "k.o."]

1. e4 c5 2. c3 Nf6 3. e5 Nd5 4. Nf3 Nc6 5. d4 cxd4 6. cxd4 d6 7. Bc4 Nb6 8. Bb5
Bd7 9. O-O dxe5 10. Bxc6 Bxc6 11. Nxe5 Bd5 12. Nc3 g6 13. a4 a5 14. Qe2 Rc8 15.
Qb5+ Bc6 16. Nxc6 bxc6 17. Qe5 f6 18. Qxa5 e5 19. Qa6 exd4 20. Ne4 Be7 21. Bh6
Kf7 22. a5 Nd5 23. Qc4 c5 24. a6 g5 25. a7 Kg6 26. Bxg5 fxg5 27. Ra6+ Kg7 28.
Rfa1 Ra8 29. Nxc5 Bxc5 30. Qxc5 Re8 31. g3 Nf6 32. Qxg5+ Kf7 33. Qf5 d3 34. Rd1
d2 35. h4 Qd4 36. Rxd2 Qxd2 37. Rxf6+ Kg8 38. Rf7 Qe1+ 39. Kh2 Qe4 40. Qf6 Qg6
41. Qxg6+ hxg6 42. Rb7 Rf8 43. b4 Rxf2+ 44. Kh3 Rf7 45. Rb8+ Rf8 46. Rb7 Rf7 47.
Rb8+ Rf8 48. Rb7 Rf7 1/2-1/2

[Event "chess.com SpeedChess 2023"]
[Site "chess.com INT"]
[Date "2023.09.13"]
[Round "2.17"]
[White "Firouzja, Alireza"]
[Black "So, Wesley"]
[Result "1-0"]
[WhiteTitle "GM"]
[BlackTitle "GM"]
[WhiteElo "2777"]
[BlackElo "2753"]
[WhiteFideId "12573981"]
[BlackFideId "5202213"]
[EventDate "2023.09.04"]
[EventType "k.o."]

1. e4 d6 2. d4 g6 3. Nf3 Nf6 4. Bd3 Bg7 5. O-O O-O 6. h3 Nc6 7. c3 e5 8. Re1 Re8
9. Nbd2 h6 10. d5 Nb8 11. b4 a5 12. bxa5 Rxa5 13. Nb3 Ra8 14. a4 Na6 15. a5 Nd7
16. Be3 Rf8 17. Qc1 Kh7 18. Nfd2 f5 19. f3 f4 20. Bf2 Bf6 21. Bxa6 Rxa6 22. c4
Bh4 23. Re2 c5 24. dxc6 bxc6 25. Bxh4 Qxh4 26. c5 Qe7 27. cxd6 Qxd6 28. Qc3 Ra8
29. Nc4 Qe6 30. Rd2 Ba6 31. Nb6 1-0

[Event "chess.com SpeedChess 2023"]
[Site "chess.com INT"]
[Date "2023.09.13"]
[Round "2.18"]
[White "So, Wesley"]
[Black "Firouzja, Alireza"]
[Result "1/2-1/2"]
[WhiteTitle "GM"]
[BlackTitle "GM"]
[WhiteElo "2753"]
[BlackElo "2777"]
[WhiteFideId "5202213"]
[BlackFideId "12573981"]
[EventDate "2023.09.04"]
[EventType "k.o."]

1. Nf3 Nf6 2. d4 g6 3. c4 Bg7 4. Nc3 d6 5. e4 O-O 6. Be2 e5 7. O-O Na6 8. Be3
Qe7 9. d5 Ng4 10. Bg5 f6 11. Bh4 g5 12. Bg3 f5 13. Nd2 Nf6 14. exf5 Bxf5 15. Re1
Qe8 16. f3 Qg6 17. Bf1 g4 18. fxg4 Bxg4 19. Be2 Nc5 20. Bxg4 Nxg4 21. Nde4 Nxe4
22. Nxe4 Bh6 23. Qd3 b6 24. b3 a5 25. h3 Nf6 26. Kh2 Nh5 27. Kh1 Rf7 28. Bh2
Raf8 29. Qe2 Bf4 30. Qg4 Qxg4 31. hxg4 Nf6 32. Bxf4 Nxe4 33. Bh6 Nf2+ 34. Kg1
Re8 35. Re3 Rf6 36. Bg5 Nxg4 37. Re4 Rg6 38. Rxg4 h6 39. Rf1 Rxg5 40. Rxg5+ hxg5
41. Rf5 Kg7 42. Rxg5+ Kf6 43. Rh5 Kg6 44. Rh3 Rf8 45. Rg3+ Kh6 46. Rh3+ Kg6 47.
Rg3+ Kh6 48. Rh3+ Kg6 1/2-1/2

[Event "chess.com SpeedChess 2023"]
[Site "chess.com INT"]
[Date "2023.09.13"]
[Round "2.19"]
[White "Firouzja, Alireza"]
[Black "So, Wesley"]
[Result "1-0"]
[WhiteTitle "GM"]
[BlackTitle "GM"]
[WhiteElo "2777"]
[BlackElo "2753"]
[WhiteFideId "12573981"]
[BlackFideId "5202213"]
[EventDate "2023.09.04"]
[EventType "k.o."]

1. e4 c6 2. d4 d5 3. e5 c5 4. Nf3 Nc6 5. dxc5 Bg4 6. c3 e6 7. Be3 Nge7 8. Bb5 a6
9. Ba4 Nf5 10. Bxc6+ bxc6 11. Qa4 Nxe3 12. fxe3 Bxf3 13. Qxc6+ Ke7 14. gxf3 Rc8
15. Qd6+ Ke8 16. Qxd8+ Kxd8 17. b4 g5 18. Nd2 Bg7 19. f4 gxf4 20. exf4 Bh6 21.
Rf1 Rg8 22. Ke2 Rg4 23. Ke3 Ke7 24. Nb3 f6 25. exf6+ Kxf6 26. Kd3 Bxf4 27. Rf2
e5 28. Rd1 Ke6 29. Kc2 Rcg8 30. a4 Rg2 31. Rf1 Be3 32. Rxg2 Rxg2+ 33. Kb1 d4 34.
cxd4 exd4 35. c6 Kd6 36. Rf6+ Kc7 37. Nc5 Kb6 38. a5+ Kb5 39. c7 Rg8 40. Nb7 Ka4
41. Nd6 Kb3 42. Rf1 Rg2 43. Nc4 Kxc4 44. c8=Q+ Kb3 45. Qe6+ Ka3 46. Rd1 Rb2+ 47.
Ka1 Bd2 48. Rxd2 Rxd2 49. Qh3+ d3 50. Qf3 Kxb4 51. Kb1 Kc3 52. Kc1 Rc2+ 53. Kd1
Rd2+ 54. Kc1 Rc2+ 55. Kb1 Rb2+ 56. Ka1 Rb4 57. Qf6+ Kc2 58. Qc6+ Kb3 59. Qd5+
Kc2 60. Qc6+ Kb3 61. Qxa6 Kc3 62. Qc6+ Rc4 63. Qf6+ Kc2 64. Qf2+ d2 65. Qf5+ Kc1
66. Qb5 d1=Q 67. Qxc4+ Kd2+ 68. Kb2 Qf3 69. Qc2+ Ke1 70. Qc3+ 1-0

[Event "chess.com SpeedChess 2023"]
[Site "chess.com INT"]
[Date "2023.09.13"]
[Round "2.20"]
[White "So, Wesley"]
[Black "Firouzja, Alireza"]
[Result "1/2-1/2"]
[WhiteTitle "GM"]
[BlackTitle "GM"]
[WhiteElo "2753"]
[BlackElo "2777"]
[WhiteFideId "5202213"]
[BlackFideId "12573981"]
[EventDate "2023.09.04"]
[EventType "k.o."]

1. Nf3 Nf6 2. c4 g6 3. Nc3 Bg7 4. e4 d6 5. d4 O-O 6. Be2 e5 7. Be3 exd4 8. Nxd4
Re8 9. f3 c6 10. Bf2 d5 11. exd5 cxd5 12. O-O Nc6 13. c5 Nh5 14. g3 Be5 15. f4
Bxd4 16. Bxd4 Ng7 17. Bf3 Nf5 18. Bf2 d4 19. Ne4 Be6 20. Re1 Bd5 21. Qd3 Bxe4
22. Bxe4 Qf6 23. a3 a5 24. Bf3 Ne3 25. Rab1 a4 26. Bxe3 dxe3 27. Rxe3 Rxe3 28.
Qxe3 Rd8 29. Rd1 Rxd1+ 30. Bxd1 Qxb2 31. Bxa4 Nd4 32. Bd1 Qa1 33. Qe8+ Kg7 34.
Qe5+ Kg8 35. Qe8+ Kg7 36. Qe5+ Kg8 37. Qe8+ 1/2-1/2

[Event "chess.com SpeedChess 2023"]
[Site "chess.com INT"]
[Date "2023.09.13"]
[Round "2.21"]
[White "Firouzja, Alireza"]
[Black "So, Wesley"]
[Result "1-0"]
[WhiteTitle "GM"]
[BlackTitle "GM"]
[WhiteElo "2777"]
[BlackElo "2753"]
[WhiteFideId "12573981"]
[BlackFideId "5202213"]
[EventDate "2023.09.04"]
[EventType "k.o."]

1. e4 e6 2. d4 d5 3. e5 c5 4. c3 Bd7 5. Nf3 Qb6 6. Be2 cxd4 7. cxd4 Bb5 8. Bxb5+
Qxb5 9. Nc3 Qa6 10. Bd2 Nc6 11. a4 Qb6 12. a5 Qd8 13. a6 Qd7 14. axb7 Qxb7 15.
Qa4 Qd7 16. Nb5 Rb8 17. O-O Rb7 18. Rfc1 Be7 19. Rxc6 Qxc6 20. Nd6+ Kd7 21. Nxb7 1-0

[Event "chess.com SpeedChess 2023"]
[Site "chess.com INT"]
[Date "2023.09.13"]
[Round "2.22"]
[White "So, Wesley"]
[Black "Firouzja, Alireza"]
[Result "1-0"]
[WhiteTitle "GM"]
[BlackTitle "GM"]
[WhiteElo "2753"]
[BlackElo "2777"]
[WhiteFideId "5202213"]
[BlackFideId "12573981"]
[EventDate "2023.09.04"]
[EventType "k.o."]

1. d4 Nf6 2. Nf3 g6 3. c4 Bg7 4. Nc3 O-O 5. e4 d6 6. h3 e5 7. d5 a5 8. Be3 Na6
9. Be2 Bd7 10. g4 c6 11. Nd2 Nc5 12. g5 Ne8 13. h4 a4 14. a3 Qa5 15. h5 f5 16.
Kf1 Nc7 17. h6 Bh8 18. f3 N7a6 19. Kg2 Qd8 20. Rg1 f4 21. Bxc5 Nxc5 22. Kh1 Qb6
23. Rb1 cxd5 24. Nxd5 Qd8 25. Bf1 Ne6 26. Bh3 Nd4 27. Bxd7 Qxd7 28. Rg2 Rae8 29.
Nb6 Qd8 30. Nxa4 Ne6 31. Qg1 Rf7 32. Nc3 Rc7 33. Nd5 Rc8 34. b3 Kf7 35. a4 Rc6
36. Rd1 Nd4 37. Rb1 Qc8 38. Qh2 Qd8 39. Qh3 Ne6 40. Qg4 Nd4 41. Nf1 Ne6 42. Nd2
Nd4 43. Qh4 Ne6 44. b4 Nd4 45. a5 Ne6 46. Kh2 Rc8 47. Qg4 Ra8 48. Qh4 Kg8 49.
Nb6 Ra6 50. Rbg1 Rxb6 51. axb6 Qxb6 52. Rb1 Qe3 53. Qf2 Nxg5 54. Qxe3 fxe3 55.
Rxg5 exd2 56. Rg2 Bf6 57. Rxd2 Be7 58. Kg3 Rc8 59. c5 dxc5 60. bxc5 Rc7 61. Rd5
Bxc5 62. Rbd1 Be3 63. Rd8+ Kf7 64. R8d7+ Rxd7 65. Rxd7+ Kg8 66. Rg7+ Kh8 67. Re7
Bxh6 68. Re8+ Kg7 69. Rxe5 b6 70. Re7+ Kg8 71. f4 Bf8 72. Rb7 Bc5 73. e5 Be3 74.
Kf3 Bc5 75. e6 h5 76. Kg3 Kf8 77. Kh4 Be7+ 78. Kg3 Bc5 79. Kf3 Kg8 80. Ke4 Kf8
81. f5 gxf5+ 82. Kxf5 h4 83. Rh7 Bf2 84. e7+ Kg8 85. e8=Q+ Kxh7 86. Qf7+ Kh8 87.
Kg6 1-0

[Event "chess.com SpeedChess 2023"]
[Site "chess.com INT"]
[Date "2023.09.13"]
[Round "2.23"]
[White "Firouzja, Alireza"]
[Black "So, Wesley"]
[Result "0-1"]
[WhiteTitle "GM"]
[BlackTitle "GM"]
[WhiteElo "2777"]
[BlackElo "2753"]
[WhiteFideId "12573981"]
[BlackFideId "5202213"]
[EventDate "2023.09.04"]
[EventType "k.o."]

1. e4 e5 2. Nf3 Nc6 3. Bc4 Bc5 4. d3 Nf6 5. Bg5 h6 6. Bh4 d6 7. c3 a5 8. O-O Ba7
9. Nbd2 Bg4 10. h3 Bd7 11. Bg3 Qe7 12. a3 O-O 13. b4 Nh5 14. Bh4 Nf6 15. Kh1 Kh8
16. b5 Nd8 17. d4 g5 18. Nxg5 hxg5 19. Bxg5 Rg8 20. f4 Rxg5 21. fxg5 Nh7 22.
dxe5 dxe5 23. Nf3 Be6 24. Nxe5 Bxc4 25. Nxc4 Ne6 26. g6 fxg6 27. Ne5 Nef8 28.
Qd5 Re8 29. Nf7+ Kg7 30. e5 Bb6 31. Rf3 Ne6 32. Raf1 Rf8 33. Qxb7 Qxa3 34. Qd5
Qe7 35. Qe4 Nc5 36. Qg4 Ne6 37. Rg3 g5 38. Rgf3 a4 39. Rf5 a3 40. Qc4 Nf4 41. g3
Rxf7 42. Rxf7+ Qxf7 43. Qxf7+ Kxf7 44. gxf4 gxf4 45. Rxf4+ Ke6 46. Ra4 Bc5 47.
Kg2 Kxe5 48. Kf3 Ng5+ 49. Ke2 Nxh3 50. Kd3 Nf4+ 51. Kc4 Bd6 52. Ra6 Ne6 53. Ra8
Ke4 54. Re8 Ke5 55. Ra8 Nf4 56. Re8+ Kf6 57. Ra8 Ke7 58. Ra6 Kd7 59. b6 c6 60.
Ra7+ Kc8 61. Kb3 Nd5 62. c4 Nxb6 63. Ra5 Nd7 64. Kc3 Kc7 65. Ra7+ Kc8 66. Ra5
Kb7 67. Rh5 Kb6 68. Rh7 Nc5 69. Rh5 Na6 70. Kb3 Bc5 71. Rg5 Bb4 72. Rh5 c5 73.
Rh6+ Ka5 74. Rh8 Nc7 75. Rh7 Ne6 76. Ra7+ Kb6 77. Rh7 Nd4+ 78. Ka2 Nc6 79. Rh4
Na5 80. Rh6+ Kc7 81. Rh4 Kd6 82. Re4 Kd7 83. Kb1 Nb3 84. Ka2 Nd2 85. Rh4 Ke6 86.
Rg4 Kf5 87. Rh4 Kg5 88. Rh8 Nxc4 0-1

[Event "chess.com SpeedChess 2023"]
[Site "chess.com INT"]
[Date "2023.09.13"]
[Round "2.24"]
[White "So, Wesley"]
[Black "Firouzja, Alireza"]
[Result "1/2-1/2"]
[WhiteTitle "GM"]
[BlackTitle "GM"]
[WhiteElo "2753"]
[BlackElo "2777"]
[WhiteFideId "5202213"]
[BlackFideId "12573981"]
[EventDate "2023.09.04"]
[EventType "k.o."]

1. d4 Nf6 2. Bf4 g6 3. e3 Bg7 4. Nf3 O-O 5. Be2 d6 6. O-O Nc6 7. h3 Nd7 8. Bh2
e5 9. a4 f5 10. a5 a6 11. c3 Kh8 12. Nbd2 g5 13. Ne1 Ne7 14. dxe5 dxe5 15. Nc4
Ng6 16. Bh5 e4 17. Bxg6 hxg6 18. Nc2 f4 19. Re1 Nc5 20. Qxd8 Rxd8 21. exf4 Nd3
22. Rxe4 Bf5 23. Re7 gxf4 24. Ne1 g5 25. Rxc7 Nxe1 26. Rxe1 Re8 27. Rxe8+ Rxe8
28. g4 Re1+ 29. Kg2 Be4+ 30. f3 Re2+ 31. Kf1 Bd3 32. Kg1 Bf8 33. h4 Re1+ 34. Kf2
Re2+ 35. Kg1 Re1+ 36. Kf2 Re2+ 37. Kg1 1/2-1/2

[Event "chess.com SpeedChess 2023"]
[Site "chess.com INT"]
[Date "2023.09.13"]
[Round "2.25"]
[White "Firouzja, Alireza"]
[Black "So, Wesley"]
[Result "0-1"]
[WhiteTitle "GM"]
[BlackTitle "GM"]
[WhiteElo "2777"]
[BlackElo "2753"]
[WhiteFideId "12573981"]
[BlackFideId "5202213"]
[EventDate "2023.09.04"]
[EventType "k.o."]

1. e4 e5 2. Nf3 Nc6 3. Bc4 Bc5 4. d3 Nf6 5. Bg5 h6 6. Bh4 d6 7. c3 a5 8. O-O Qe7
9. Nbd2 Bg4 10. h3 Bd7 11. Kh1 g5 12. Bg3 O-O-O 13. a3 Rdg8 14. b4 Bb6 15. Bb5
h5 16. h4 gxh4 17. Bxh4 Rg4 18. g3 Qe6 19. Ng1 Rxh4+ 20. gxh4 Ng4 21. Qf3 Qe7
22. Qg3 Rg8 23. Kg2 Nh6 24. Nc4 Qxh4 0-1